Science Quiz

Random Science or Animal Quiz
Score 0/20 Timer 04:00
0 Plays Today
# Rodent % Correct
6Beaver
94.7%
20Squirrel
94.6%
9Mouse
93.7%
17Rat
90.9%
15Chipmunk
85.4%
13Guinea pig
82.5%
4Hamster
81.8%
18Gerbil
57.5%
2Prairie dog
55.4%
5Naked mole rat
54.9%
# Rodent % Correct
11Chinchilla
49.7%
1Capybara
41.5%
14Prairie vole
38.7%
8Porcupine
31.4%
16Pocket gopher
27.4%
12Muskrat
27.2%
3Kangaroo rat
24.5%
19Coypu
12.4%
7Paca
4.9%
10Springhare
2.4%
Remove Ads.
Support Sporcle.
Get the best of Sporcle when you Go Orange. This ad-free experience offers more features, more stats, and more fun while also helping to support Sporcle. Thank you for becoming a member.

You're not logged in!

Compare scores with friends on all Sporcle quizzes.
OR
Log In

Sporcle TV

Today on Sporcle TV


Watch our educational content, quiz creation guides, and fun videos on Sporcle TV.

Show Comments

Extras

Top Quizzes Today


Score Distribution

Paid Content

Your Account Isn't Verified!

In order to create a playlist on Sporcle, you need to verify the email address you used during registration. Go to your Sporcle Settings to finish the process.

Report this User

Report this user for behavior that violates our Community Guidelines.

Details: